[Event "I Love Chess"]
[Site "SchemingMind.com"]
[Date "2008.03.11"]
[Round "-"]
[White "Bury"]
[Black "Schaakmaatje"]
[Result "0-1"]
[WhiteCountry "POL"]
[BlackCountry "NED"]
[WhiteElo "1496"]
[WhiteRD "81"]
[BlackElo "1739"]
[BlackRD "49"]
[GameID "145107"]

1. e4 c5 2. Bc4 Nf6 3. Nc3 d6 4. d3 e6 5. Bg5 Be7 6. Nf3 O-O 7. d4 Nc6 8. O-O cxd4 9. Nxd4 h6 10. Bh4 Ne5
11. Be2 Bd7 12. Nf3 Nfg4 13. Nxe5 Nxe5 14. Bxe7 Qxe7 15. f4 Nc6 16. Bg4 Rad8 17. Nb5 Bc8 18. Qd2 a6 19. Nc3 b5 20. a3 Bb7
21. Rad1 Qc7 22. f5 Ne5 23. Bh3 Nc4 24. Qc1 Qc5+ 25. Rf2 exf5 26. Re1 fxe4 27. b4 Qe5 28. Rf5 Qxc3 29. Kh1 e3 30. Rf3 Bxf3
31. gxf3 Qd2 32. Bf1 Qxc1 33. Rxc1 d5 34. Rd1 d4 35. c3 dxc3 36. Re1 c2 37. Rc1 Rd1 38. Rxc2 Rxf1+ 39. Kg2 Rf2+
0-1

[Event "I Love Chess"]
[Site "SchemingMind.com"]
[Date "2008.03.11"]
[Round "-"]
[White "Schaakmaatje"]
[Black "Bury"]
[Result "1-0"]
[WhiteCountry "NED"]
[BlackCountry "POL"]
[WhiteElo "1739"]
[WhiteRD "49"]
[BlackElo "1496"]
[BlackRD "81"]
[GameID "145115"]

1. e4 e5 2. f4 exf4 3. Nf3 Nc6 4. d4 Qe7 5. Bd3 d5 6. e5 Bg4 7. c3 f6 8. Bxf4 Qe6 9. O-O fxe5 10. dxe5 Bc5+
11. Kh1 Nge7 12. Ng5 Bxd1 13. Nxe6 Bb6 14. Rxd1 Rg8 15. Bxh7 Rh8 16. Bg6+ Kd7 17. Nxg7 Nxg6 18. Rxd5+ Ke7 19. Bg5+ Kf8 20. Bf6 Rh7
21. Nd2 Nge7 22. Ne6+ Kf7 23. Ng5+ Kg6 24. Ndf3 Nxd5 25. Nxh7 Kxh7 26. Bg5 Rg8 27. Rd1 Nce7 28. c4 Ne3 29. Bxe3 Bxe3 30. Rd7 Re8
31. Rxc7 Rd8 32. h3 Bc5 33. Rxc5 Nc6 34. Rd5 Rb8 35. Nd4 Kg6 36. b3 Re8 37. Nxc6 a6 38. Nd4 Kf7 39. Nf3
1-0

[Event "I Love Chess"]
[Site "SchemingMind.com"]
[Date "2008.03.22"]
[Round "-"]
[White "Chess_Man01"]
[Black "MichaelDV"]
[Result "1/2-1/2"]
[WhiteCountry "GBR"]
[BlackCountry "SWE"]
[WhiteElo "2263"]
[WhiteRD "56"]
[BlackElo "2319"]
[BlackRD "64"]
[GameID "146329"]

1. e4 e5 2. Nf3 Nc6 3. Bb5 Nf6 4. O-O Nxe4 5. d4 Nd6 6. Bxc6 dxc6 7. dxe5 Nf5 8. Qxd8+ Kxd8 9. Nc3 Ne7 10. h3 Ng6
11. Bg5+ Ke8 12. Rad1 Bd7 13. Rd2 Be6 14. Rfd1 Be7 15. Ne4 Bd5 16. Re1=
1/2-1/2

[Event "I Love Chess"]
[Site "SchemingMind.com"]
[Date "2008.03.22"]
[Round "-"]
[White "MichaelDV"]
[Black "Chess_Man01"]
[Result "1/2-1/2"]
[WhiteCountry "SWE"]
[BlackCountry "GBR"]
[WhiteElo "2319"]
[WhiteRD "64"]
[BlackElo "2263"]
[BlackRD "56"]
[GameID "146335"]

1. d4 Nf6 2. c4 e6 3. g3 d5 4. Nf3 dxc4 5. Bg2 c5 6. O-O Nc6 7. Ne5 Bd7 8. Na3 cxd4 9. Naxc4 Bc5 10. Qb3 O-O
11. Qxb7 Nxe5 12. Nxe5 Rb8= 13. Qf3 Bd6 14. Nc6 Bxc6 15. Qxc6 Qe7 16. b3 Rfd8 17. Rd1 e5= 18. Bg5 h6 19. Bxf6=
1/2-1/2

[Event "I Love Chess"]
[Site "SchemingMind.com"]
[Date "2008.03.25"]
[Round "-"]
[White "mkefeli"]
[Black "fer_even"]
[Result "0-1"]
[WhiteCountry "TUR"]
[BlackCountry "ARG"]
[WhiteElo "2092"]
[WhiteRD "104"]
[BlackElo "2468"]
[BlackRD "99"]
[GameID "147185"]

1. d4 Nf6 2. Nf3 d5 3. g3 Bf5 4. Bg2 e6 5. O-O c6 6. b3 h6 7. c4 Nbd7 8. Bb2 Be7 9. Nbd2 O-O 10. Ne5 Bh7
11. Ndf3 a5 12. Nxd7 Nxd7 13. Nd2 a4 14. e4 Bb4 15. cxd5 a3 16. Bc1 cxd5 17. Re1 Qb6 18. exd5 Qxd4 19. dxe6 fxe6
0-1

[Event "I Love Chess"]
[Site "SchemingMind.com"]
[Date "2008.03.24"]
[Round "-"]
[White "fer_even"]
[Black "mkefeli"]
[Result "1-0"]
[WhiteCountry "ARG"]
[BlackCountry "TUR"]
[WhiteElo "2487"]
[WhiteRD "105"]
[BlackElo "2049"]
[BlackRD "99"]
[GameID "147194"]

1. d4 d5 2. c4 e6 3. Nc3 c6 4. e3 Nf6 5. Nf3 Be7 6. Bd3 O-O 7. O-O dxc4 8. Bxc4 b5 9. Bd3 a6 10. e4 Bb7
11. e5 Nd5 12. Ne4 h6 13. Qe2 Nd7 14. Ng3 Re8 15. Qe4 Nf8 16. Qg4 f5 17. Bxf5 exf5 18. Nxf5 Bg5 19. Nxg5 hxg5 20. Nd6 Qc7
21. Bxg5 Bc8 22. Nxe8 Bxg4 23. Nxc7 Nxc7 24. Rac1 Bd7 25. h4 Nfe6 26. Be3 Nd5 27. Kh2 Rf8 28. Rfd1 g6 29. Rd2 Ng7 30. Rg1 Nh5
31. Bh6 Rf7 32. Re1 Be6 33. Rc1 Bd7 34. e6 Bxe6 35. Rxc6 Bf5 36. Rxa6 Kh7 37. Bg5
1-0

[Event "I Love Chess"]
[Site "SchemingMind.com"]
[Date "2008.04.06"]
[Round "-"]
[White "29A"]
[Black "flodur"]
[Result "0-1"]
[WhiteCountry "CAN"]
[BlackCountry "AUS"]
[WhiteElo "1866"]
[WhiteRD "71"]
[BlackElo "2022"]
[BlackRD "96"]
[GameID "148568"]

1. e4 e6 2. d4 d5 3. Nd2 Nf6 4. e5 Nfd7 5. Bd3 c5 6. c3 Nc6 7. Ngf3 cxd4 8. cxd4 Qb6 9. O-O Nxd4 10. Nxd4 Qxd4
11. Nf3 Qb6 12. Qa4 Qb4 13. Qc2 Qc5 14. Qe2 Qb6 15. Be3 Bc5 16. Bd2 h6 17. a3 a5 18. Rfc1 O-O 19. Rc2 a4 20. Rac1 Qa7
21. Bb5 b6 22. Nh4 Ba6 23. Bf4 Bxb5 24. Qxb5 g5 25. Qe2 gxf4 26. Qg4+ Kh7 27. Qxf4 f5
0-1

[Event "I Love Chess"]
[Site "SchemingMind.com"]
[Date "2008.04.06"]
[Round "-"]
[White "flodur"]
[Black "29A"]
[Result "1-0"]
[WhiteCountry "AUS"]
[BlackCountry "CAN"]
[WhiteElo "1988"]
[WhiteRD "98"]
[BlackElo "1840"]
[BlackRD "73"]
[GameID "148578"]

1. e4 c5 2. Nf3 d6 3. d4 cxd4 4. Nxd4 Nf6 5. Nc3 e6 6. g4 h6 7. h4 Nc6 8. Rg1 h5 9. gxh5 Nxh5 10. Bg5 Nf6
11. Be2 Qb6 12. Nb3 a6 13. h5 Bd7 14. h6 Ne5 15. Be3 Qc7 16. hxg7 Bxg7 17. Rxg7 Rh1+ 18. Bf1 Qxc3+ 19. bxc3 Bb5 20. Nd2 Nxe4
21. Nxe4 Rxf1+ 22. Kd2 Rxd1+ 23. Rxd1
1-0

[Event "I Love Chess"]
[Site "SchemingMind.com"]
[Date "2008.05.13"]
[Round "-"]
[White "Peacemaker"]
[Black "Archon"]
[Result "1-0"]
[WhiteCountry "GER"]
[BlackCountry "CAN"]
[WhiteElo "2358"]
[WhiteRD "83"]
[BlackElo "1704"]
[BlackRD "55"]
[GameID "154794"]

1. e4 d6 2. d4 Nf6 3. Nc3 g6 4. Nf3 Bg7 5. Be2 O-O 6. O-O Bg4 7. Be3 Nc6 8. Qd2 e5 9. dxe5 dxe5 10. Rad1 Qc8
11. Qc1 Rd8 12. Rxd8+ Nxd8 13. Qd2 Bxf3 14. Bxf3 Ne6 15. Rd1 c6 16. Be2 Qc7 17. Qd6 Bf8 18. Qxc7 Nxc7 19. Bg5 Nce8 20. f4 exf4
21. e5 Nd5 22. Nxd5 cxd5 23. Rxd5 Ng7 24. Bxf4 Ne6 25. Bg3 Rc8 26. c4 Bg7 27. b3 Re8 28. h4 h5 29. Bf3 Re7 30. Kf1 b6
31. b4 Rc7 32. Be2 Bh6 33. Be1 Kg7 34. g3 Kf8 35. a4 Ke8 36. Kg2 Bf8 37. Kf3 Rd7 38. Ke4 Be7 39. Bc3 Rc7 40. a5 Rd7
41. Bd1 Rc7 42. Kd3 Kf8 43. axb6 axb6 44. Bf3 Rc8 45. Rd7 Rb8 46. Bd5 Ke8 47. Ra7 Kf8 48. Bd2 Nd8 49. Bh6+ Ke8 50. e6 fxe6
51. Be4 Rc8 52. Bxg6+
1-0

[Event "I Love Chess"]
[Site "SchemingMind.com"]
[Date "2008.05.13"]
[Round "-"]
[White "Archon"]
[Black "Peacemaker"]
[Result "1/2-1/2"]
[WhiteCountry "CAN"]
[BlackCountry "GER"]
[WhiteElo "1788"]
[WhiteRD "59"]
[BlackElo "2338"]
[BlackRD "80"]
[GameID "154803"]

1. d4 Nf6 2. Nf3 d5 3. Bf4 c5 4. c3 Qb6 5. Qb3 Nc6 6. e3 c4 7. Qc2 Bf5 8. Qc1 e6 9. Nbd2 Be7 10. Be2 O-O
11. O-O Rfc8 12. Bd1 Bd3 13. Re1 Nh5 14. Bc2 a5 15. Qb1 Bxc2 16. Qxc2 Qd8 17. Ne5 b5 18. a3 Nxe5 19. Bxe5 f6 20. Bf4 Qd7
21. Nf3 Nxf4 22. exf4 Bd6 23. g3 Re8 24. Rad1 b4 25. axb4 axb4 26. Ra1 b3 27. Qe2 Ra2 28. Rxa2 bxa2 29. Ra1 Qa4 30. Ne1 Kf8
31. Nc2 Qb3 32. Ne3 g6 33. Nd1 Kf7 34. Kg2 Ra8 35. Kg1 Ra5 36. Kg2 Qb6 37. Kg1 Ra8 38. Kg2 Ra6 39. Kg1 Qc6 40. h4 h5
41. Kh2 Bf8 42. Kg1 Kg7 43. Kh2 Ra8 44. Kg1 Kh7 45. Kh2 Ra6=
1/2-1/2

[Event "I Love Chess"]
[Site "SchemingMind.com"]
[Date "2008.06.05"]
[Round "-"]
[White "harrib"]
[Black "Schaakmaatje"]
[Result "1-0"]
[WhiteCountry "GER"]
[BlackCountry "NED"]
[WhiteElo "2010"]
[WhiteRD "113"]
[BlackElo "1802"]
[BlackRD "48"]
[GameID "157500"]

1. d4 Nf6 2. c4 g6 3. Nc3 Bg7 4. Nf3 d6 5. e3 O-O 6. Be2 Nbd7 7. O-O c6 8. b4 e5 9. Qc2 Ne8 10. b5 f5
11. bxc6 bxc6 12. Rd1 Qc7 13. Rb1 Nef6 14. Ba3 Re8 15. h3 Ba6 16. Qa4 Nb8 17. dxe5 dxe5 18. Bd6 Qc8 19. Bxb8 Rxb8 20. Rxb8
1-0

[Event "I Love Chess"]
[Site "SchemingMind.com"]
[Date "2008.06.04"]
[Round "-"]
[White "Schaakmaatje"]
[Black "harrib"]
[Result "0-1"]
[WhiteCountry "NED"]
[BlackCountry "GER"]
[WhiteElo "1802"]
[WhiteRD "48"]
[BlackElo "2010"]
[BlackRD "113"]
[GameID "157507"]

1. e4 e6 2. d4 d5 3. Nd2 Nf6 4. f3 dxe4 5. fxe4 Qxd4 6. Ngf3 Qe3+ 7. Qe2 Bc5 8. Nc4 Qxe4 9. Bg5 Nbd7 10. Nfe5 Qxe2+
11. Bxe2 Ne4 12. Nxd7 Bxd7 13. Be3 Bxe3 14. Nxe3 O-O-O 15. O-O f6 16. Bd3 Bc6 17. Rae1 Nc5 18. Bc4 Rhe8 19. b4 Ne4 20. Bb3 Nd2
0-1

[Event "I Love Chess"]
[Site "SchemingMind.com"]
[Date "2008.07.03"]
[Round "-"]
[White "fer_even"]
[Black "Tanis"]
[Result "1-0"]
[WhiteCountry "ARG"]
[BlackCountry "CHN"]
[WhiteElo "2526"]
[WhiteRD "95"]
[BlackElo "2053"]
[BlackRD "85"]
[GameID "161737"]

1. e4 e6 2. d4 d5 3. Nd2 Nf6 4. e5 Nfd7 5. Bd3 c5 6. c3 Nc6 7. Ne2 cxd4 8. cxd4 Qb6 9. Nf3 f6 10. exf6 Nxf6
11. O-O Bd6 12. Bf4 Be7 13. Qd2 O-O 14. Rac1 Bd7 15. Ne5 Rac8 16. Nxd7 Nxd7 17. Qe3 Nb4 18. Bb1 Bf6 19. a3 Na6 20. b4 g6
21. Bh6 Rfe8 22. Qg3 Kh8 23. Bxg6 hxg6 24. Qxg6 Qd8 25. Rxc8 Qxc8 26. Rc1 Qd8 27. Rc3 Rg8 28. Qh5 Qe7 29. Rh3
1-0

[Event "I Love Chess"]
[Site "SchemingMind.com"]
[Date "2008.07.02"]
[Round "-"]
[White "Tanis"]
[Black "fer_even"]
[Result "0-1"]
[WhiteCountry "CHN"]
[BlackCountry "ARG"]
[WhiteElo "2053"]
[WhiteRD "85"]
[BlackElo "2526"]
[BlackRD "95"]
[GameID "161742"]

1. e4 e5 2. Nf3 Nc6 3. Bb5 a6 4. Ba4 Nf6 5. O-O Be7 6. Re1 b5 7. Bb3 O-O 8. c3 d5 9. exd5 Nxd5 10. Nxe5 Nxe5
11. Rxe5 c6 12. d3 Bd6 13. Re1 Bf5 14. Nd2 Nf4 15. Ne4 Nxd3 16. Bg5 Qd7 17. Re3 Bxe4 18. Rxe4 Rae8 19. Qg4 Qxg4 20. Rxg4 c5
21. c4 Re2 22. Bf6 Rfe8 23. Rf1 g6 24. h3 Re1 25. g3 Rxf1+ 26. Kxf1 Re1+ 27. Kg2 Re2 28. Kf3 Re6 29. Bc3 b4 30. Bd2 f5
31. Rh4 Be7
0-1

[Event "I Love Chess"]
[Site "SchemingMind.com"]
[Date "2008.07.05"]
[Round "-"]
[White "Peacemaker"]
[Black "MichaelDV"]
[Result "0-1"]
[WhiteCountry "GER"]
[BlackCountry "SWE"]
[WhiteElo "2382"]
[WhiteRD "82"]
[BlackElo "2377"]
[BlackRD "70"]
[GameID "162016"]

1. d4 Nf6 2. Nf3 e6 3. Bg5 h6 4. Bxf6 Qxf6 5. e4 d6 6. Nc3 Nd7 7. Qd2 a6 8. O-O-O Qe7 9. Bd3 g6 10. Rhe1 Bg7
11. e5 O-O 12. g4 b5 13. Ne4 Bb7 14. g5 hxg5 15. Nexg5 dxe5 16. Nxe5 Nxe5 17. dxe5 Rad8 18. Qf4 Bh6 19. h4 c5 20. Qe3 c4
21. Be2 c3 22. Qxc3 Bxg5+ 23. hxg5 Qxg5+ 24. Kb1 Rxd1+ 25. Rxd1= Kg7 26. f4 Qxf4 27. Rf1 Qh4 28. a3 Rc8 29. Qe3 Qe4 30. Qg5 Qxc2+
31. Ka1 Rf8 32. Qf6+ Kg8 33. Bf3 Bxf3 34. Rxf3 Qd1+ 35. Ka2 Qd5+ 36. Kb1 Qd8 37. Qf4 a5
0-1

[Event "I Love Chess"]
[Site "SchemingMind.com"]
[Date "2008.07.07"]
[Round "-"]
[White "MichaelDV"]
[Black "Peacemaker"]
[Result "1/2-1/2"]
[WhiteCountry "SWE"]
[BlackCountry "GER"]
[WhiteElo "2377"]
[WhiteRD "70"]
[BlackElo "2382"]
[BlackRD "82"]
[GameID "162023"]

1. d4 d5 2. Nf3 Nc6 3. c4 Bg4 4. Nc3 e6 5. Bf4 dxc4 6. e3 Bd6 7. Bxd6 cxd6 8. Bxc4 Nf6 9. O-O O-O 10. h3 Bh5
11. Be2 Rc8 12. Qb3 Qe7 13. Rac1 d5 14. Nd2= Bg6 15. Rfd1 Rfd8 16. Qa4 a6 17. a3 Rc7 18. Nb3 Ne8 19. Nc5 Nd6 20. b4 Rcc8
21. Bf3 Na7 22. Qb3 Bf5 23. a4 Qg5 24. Kh1 Qh4 25. Kg1 Nc6 26. a5 Qg5 27. Kh1 Qh6 28. Kh2 Qf6=
1/2-1/2

[Event "I Love Chess"]
[Site "SchemingMind.com"]
[Date "2008.07.26"]
[Round "-"]
[White "Tahur"]
[Black "flodur"]
[Result "1-0"]
[WhiteCountry "ARG"]
[BlackCountry "AUS"]
[WhiteElo "2007"]
[WhiteRD "66"]
[BlackElo "2023"]
[BlackRD "96"]
[GameID "164346"]

1. e4 c5 2. Nf3 Nc6 3. d4 cxd4 4. Nxd4 Nf6 5. Nc3 e5 6. Ndb5 d6 7. Be2 a6 8. Na3 b5 9. Nd5 Nxe4 10. O-O f5
11. c4 b4 12. Nb1 Rb8 13. Nd2 Nc5 14. b3 Be7 15. Nxe7 Nxe7 16. a3 a5 17. axb4 axb4 18. Nf3 Qc7 19. Re1 O-O 20. g3 Kh8
21. Ra2 Bb7 22. Bg5 Nc6 23. h3 Ra8 24. Rb2 Ra3 25. Bf1 Raa8 26. Be2 Ne6 27. Bd2 Ncd4 28. Nxd4 Nxd4 29. f3 f4 30. gxf4 exf4
31. Kh2 Qc5 32. Rf1 Rae8 33. Bxb4 Qh5 34. Qxd4 Bc8 35. Rf2 Bxh3 36. Kh1 Rf6 37. Bd3 Bg4+ 38. Rh2 Bxf3+ 39. Kg1 Qg4+ 40. Kf1 h5
41. Ra2 h4 42. Bc3 h3 43. Qg1 Qh4 44. Qf2 Bg2+ 45. Qxg2
1-0

[Event "I Love Chess"]
[Site "SchemingMind.com"]
[Date "2008.07.26"]
[Round "-"]
[White "flodur"]
[Black "Tahur"]
[Result "0-1"]
[WhiteCountry "AUS"]
[BlackCountry "ARG"]
[WhiteElo "2004"]
[WhiteRD "100"]
[BlackElo "2001"]
[BlackRD "61"]
[GameID "164352"]

1. d4 f5 2. g3 Nf6 3. Bg2 g6 4. Nf3 Bg7 5. O-O O-O 6. c4 d6 7. Nc3 c5 8. d5 Qe8 9. Rb1 Bd7 10. b3 Na6
11. Bb2 b6 12. Ng5 Rd8 13. f3 h6 14. Nh3 e5 15. dxe6 Qxe6 16. e4 Nh5 17. Nd5 fxe4 18. fxe4 Rxf1+ 19. Qxf1 Bxb2 20. Rxb2 Rf8
21. Rf2 Rxf2 22. Nxf2 Qe5 23. Bh3 Nb8 24. Bxd7 Nxd7 25. Ng4 Qd4+ 26. Qf2 Qd1+
0-1

[Event "I Love Chess"]
[Site "SchemingMind.com"]
[Date "2008.10.27"]
[Round "-"]
[White "MichaelDV"]
[Black "fer_even"]
[Result "1/2-1/2"]
[WhiteCountry "SWE"]
[BlackCountry "ARG"]
[WhiteElo "2387"]
[WhiteRD "68"]
[BlackElo "2509"]
[BlackRD "87"]
[GameID "176340"]

1. c4 Nf6 2. Nf3 e6 3. Nc3 c5 4. g3 b6 5. Bg2 Bb7 6. O-O Be7 7. d4 cxd4 8. Qxd4 d6 9. Rd1 a6 10. b3 Nbd7
11. e4 Qc8 12. Bb2 O-O 13. Qe3 Re8 14. Rac1 Qc7 15. Nd4 Bf8 16. Qe2 Rac8 17. Nc2 h5= 18. Ne3 Nc5 19. f3 Ncd7 20. Ba3 Be7
21. Qf2=
1/2-1/2

[Event "I Love Chess"]
[Site "SchemingMind.com"]
[Date "2008.10.27"]
[Round "-"]
[White "fer_even"]
[Black "MichaelDV"]
[Result "1/2-1/2"]
[WhiteCountry "ARG"]
[BlackCountry "SWE"]
[WhiteElo "2509"]
[WhiteRD "87"]
[BlackElo "2387"]
[BlackRD "68"]
[GameID "176346"]

1. d4 e6 2. c4 d5 3. Nf3 c6 4. e3 Nf6 5. Nc3 Nbd7 6. Bd3 dxc4 7. Bxc4 b5 8. Bd3 a6 9. a4 Bb7 10. axb5 axb5
11. Rxa8 Qxa8 12. O-O Be7 13. b3=
1/2-1/2

[Event "I Love Chess"]
[Site "SchemingMind.com"]
[Date "2008.11.01"]
[Round "-"]
[White "Tahur"]
[Black "harrib"]
[Result "1-0"]
[WhiteCountry "ARG"]
[BlackCountry "GER"]
[WhiteElo "1985"]
[WhiteRD "74"]
[BlackElo "1991"]
[BlackRD "104"]
[GameID "177082"]

1. e4 Nf6 2. e5 Nd5 3. d4 d6 4. Nf3 Bg4 5. c4 Nb6 6. h3 Bh5 7. g4 Bg6 8. Nc3 e6 9. h4 h6 10. h5 Bh7
11. exd6 cxd6 12. Bd3 Bxd3 13. Qxd3 Be7 14. Bf4 Nc6 15. b3 Qd7 16. Rd1 Rd8 17. Qe2 d5 18. c5 Nc8 19. b4 Bf6 20. b5 Na5
21. O-O Nc4 22. Ne5 Bxe5 23. Bxe5 f6 24. Bf4 O-O 25. Rfe1 Rde8 26. a4 Re7 27. Kg2 Rd8 28. f3 Qe8 29. Qc2 Qf7 30. Bg3 Rdd7
31. c6 bxc6 32. bxc6 Rd8 33. Qg6 N8d6 34. Qxf7+ Kxf7 35. Nb5 Nc8 36. Re2 a6 37. Nc3 Ree8 38. Bc7 Ne7 39. Bxd8 Rxd8 40. c7 Rd6
41. Kg3 Rc6 42. Rde1 e5 43. dxe5 fxe5 44. f4 exf4+ 45. Kxf4 Rxc7 46. Rd1 Rc5 47. Rde1 Rc7 48. Rf1 g5+ 49. hxg6+ Nxg6+ 50. Kg3+ Kg7
51. Nxd5 Rd7 52. Rf5 Nd6 53. Rf3 Nc4 54. Nf6 Ra7 55. Nh5+ Kh7 56. Re6 Nge5 57. Rff6
1-0

[Event "I Love Chess"]
[Site "SchemingMind.com"]
[Date "2008.11.01"]
[Round "-"]
[White "harrib"]
[Black "Tahur"]
[Result "1-0"]
[WhiteCountry "GER"]
[BlackCountry "ARG"]
[WhiteElo "2021"]
[WhiteRD "103"]
[BlackElo "1986"]
[BlackRD "72"]
[GameID "177089"]

1. d4 Nf6 2. c4 e6 3. Nc3 Bb4 4. Qc2 d5 5. cxd5 exd5 6. Bg5 h6 7. Bh4 g5 8. Bg3 Ne4 9. e3 c6 10. Bd3 Nxg3
11. hxg3 Ba5 12. Nf3 Qf6 13. Ne5 Nd7 14. f4 Nxe5 15. fxe5 Qd8 16. O-O-O Bg4 17. Rdf1 h5 18. Bf5 Bxf5 19. Qxf5 Qe7 20. Rf2 Rh6
21. Rhf1 f6 22. Nd1 Qd7 23. Qxd7+ Kxd7 24. Rxf6 Rxf6 25. Rxf6 Rc8 26. Nc3 Bxc3 27. bxc3 c5 28. Kd2 Rc6 29. Rxc6 Kxc6 30. a4 c4
31. e4 b6 32. Ke3 a6 33. exd5+ Kxd5 34. Kd2 Ke6= 35. Kc2 Kd5= 36. Kb2 Ke6 37. Ka3 Kd5= 38. Kb4 g4 39. Ka3 Kc6= 40. e6 Kd6
41. d5 a5 42. Kb2 Ke7= 43. Kc2 Kf6 44. Kd2 Ke7 45. Ke3 b5 46. axb5 a4 47. Kd2 Kf6 48. b6 a3 49. Kc2 h4 50. gxh4 a2
51. Kb2 Ke7 52. b7 a1=Q+ 53. Kxa1 Kf6 54. b8=Q g3 55. Qf4+
1-0

[Event "I Love Chess"]
[Site "SchemingMind.com"]
[Date "2009.01.20"]
[Round "-"]
[White "harrib"]
[Black "MichaelDV"]
[Result "0-1"]
[WhiteCountry "GER"]
[BlackCountry "SWE"]
[WhiteElo "1980"]
[WhiteRD "115"]
[BlackElo "2408"]
[BlackRD "75"]
[GameID "188309"]

1. d4 d5 2. c4 e6 3. Nc3 c6 4. Nf3 dxc4 5. a4 Bb4 6. e3 b5 7. Bd2 a5 8. axb5 Bxc3 9. Bxc3 cxb5 10. b3 Bb7
11. d5 Nf6 12. bxc4 b4 13. Bxf6 Qxf6 14. Qa4+ Nd7 15. Nd4 e5 16. Nb3 Ke7 17. Be2 Rhc8 18. Rd1 Qd6 19. O-O Nb6 20. Qa2 Nxc4
21. Bxc4 Rxc4 22. Nxa5 Rc5 23. Nxb7 Rxa2 24. Nxd6 Kxd6 25. Rb1 Rc4 26. Rfd1 Ra5 27. Rb2 Rxd5 28. Rdb1 Rdc5 29. g3 Rc1+ 30. Kg2 Rxb1
31. Rxb1 Rb5 32. Kf3 b3 33. Rb2 Kd5 34. Ke2 Kc4 35. Kd2 Rd5+ 36. Kc1 Kc3 37. Rb1 e4 38. h4 h5
0-1

[Event "I Love Chess"]
[Site "SchemingMind.com"]
[Date "2009.01.20"]
[Round "-"]
[White "MichaelDV"]
[Black "harrib"]
[Result "1-0"]
[WhiteCountry "SWE"]
[BlackCountry "GER"]
[WhiteElo "2417"]
[WhiteRD "71"]
[BlackElo "1986"]
[BlackRD "112"]
[GameID "188319"]

1. d4 d5 2. Nf3 Nf6 3. c4 c6 4. Nc3 dxc4 5. a4 Bf5 6. e3 e6 7. a5 Bb4 8. Qa4 Qe7 9. Bxc4 O-O 10. O-O Nbd7
11. Nh4 Ne4 12. Nxf5 exf5 13. Qb3 Bxc3 14. bxc3 b5 15. axb6 axb6 16. Ba3 c5 17. Ra2 Ra5 18. Rfa1 Rfa8 19. Bd5 R8a7 20. Bb2 Nd6
21. Rxa5 Rxa5 22. Rxa5 bxa5 23. dxc5 Nxc5 24. Qb8+
1-0